000 00400nam a22001697a 4500
003 MPLRDC
005 20220104114721.0
008 210129b ||||| |||| 00| 0 eng d
082 _a173.2 ZGXL c.2
100 _a苏芗雨等合著
245 _a青年心理
_c
260 _a
_b水牛出版社
_c1984
300 _b
490 _a心理卫生丛书;1
650 _a
942 _cBK
_o173.2 ZGXL c.2
999 _c9668
_d9658